000 01606cam a22004814i 4500
003 PE-LiUPU
005 20250731165454.0
008 150623s r 000 0 d
020 _a0310211220
035 _a(Sirsi) i9780310211228
040 _aPE-LiUPU
_bspa
_cPE-LiUPU
_erda
049 _aPRUA
082 0 4 _a220.3
_bW99
_221
245 0 4 _aThe complete Who's who in the Bible /
_cEditado por Paul D. Gardner.
264 1 _aMichigan :
_bZondervan Publishing House,
_c1995.
300 _a688 páginas ;
_c24 centímetros
336 _atext
_2rdacontent
337 _aunmediated
_2rdamedia
338 _avolume
_2rdacarrier
505 0 _aDictionaries Bible :A-Z. -Biography.
526 _aSEG44
526 _aSEG26
526 _aP151
526 _aP150
526 _aP149
526 _aP146
526 _aP145
526 _aP126
526 _aP125
526 _aP92
526 _aP75
526 _aP74
526 _aP27
526 _aP15
630 _aBiblia
_xBiografías
_vDiccionarios.
700 1 _aGardner, Paul D.,
_eed.
942 _2ddc
_cBOOK
949 _aRC 220.3 W99
_wDEWEY
_c1
_i44758
_lCCODEBUL1
_mBUL
_r0
_sY
_tBOOK
_u2015-6-24
_xTEOLOGIA
_PP35
_0COMPRA
_o.CIRCNOTE. No olvidar cambiar la fecha de devolución!!!!!!!
_o.STAFF. Colección General
994 _aC0
_bPEPRU
596 _a1
999 _aRC 220.3 W99
_wDEWEY
_c21625
_i44758
_f2021-11-8
_g6
_lCCODEBUL1
_mBUL
_r1
_sY
_tBOOK
_u2015-6-24
_xTEOLOGIA
_PP35
_0COMPRA
_o.CIRCNOTE. No olvidar cambiar la fecha de devolución!!!!!!!
_o.STAFF. Colección General
_d21625
980 _81
_gALBERTO SANCHEZ Responsable de Automatización